00567cam a22001812 4500001001100000005001700011008004100028020002700069040001500096050002000111100003600131245005800167260004800225300000900273650003100282650003800313700003400351000000868920151217152039.0080513s xx 000 0 eng d a0802815219 :cKES 1200 aKABUcKABU 0aBV652.25b.M34 1 aMcGavran, Donald A.@000015937210aUnderstanding church growth /cby Donald A. McGavran. aGrand Rapids, MI :bW. B. Eerdmans,cc1970. a382. 0aChurch growth.@0000159052 0aSociology, Christian.@00001593731 aWagner, C. Peter.@0000159374